Biến đổi môi trường dưới tác động chủ các hệ nhân văn ở Điện Biên, Lai Châu
محفوظ في:
| المؤلف الرئيسي: | |
|---|---|
| التنسيق: | كتاب |
| اللغة: | Undetermined |
| منشور في: |
Hà Nội
Khoa học Xã hội
2003
|
| الموضوعات: | |
| الوسوم: |
إضافة وسم
لا توجد وسوم, كن أول من يضع وسما على هذه التسجيلة!
|
| Thư viện lưu trữ: | Trung tâm Học liệu Trường Đại học Cần Thơ |
|---|
| LEADER | 00613nam a2200193Ia 4500 | ||
|---|---|---|---|
| 001 | CTU_93672 | ||
| 008 | 210402s9999 xx 000 0 und d | ||
| 020 | |c 40000 | ||
| 082 | |a 577 | ||
| 082 | |b L431 | ||
| 100 | |a Tạ, Long | ||
| 245 | 0 | |a Biến đổi môi trường dưới tác động chủ các hệ nhân văn ở Điện Biên, Lai Châu | |
| 245 | 0 | |c Tạ Long, Ngô Thị Chính | |
| 260 | |a Hà Nội | ||
| 260 | |b Khoa học Xã hội | ||
| 260 | |c 2003 | ||
| 650 | |a Human ecology | ||
| 904 | |i Mai Loan | ||
| 980 | |a Trung tâm Học liệu Trường Đại học Cần Thơ | ||